NGA BA : (Record no. 130681)
[ view plain ]
| 000 -LEADER | |
|---|---|
| fixed length control field | 00609nam a22002297a 4500 |
| 005 - DATE AND TIME OF LATEST TRANSACTION | |
| control field | 20170124110115.0 |
| 010 ## - LIBRARY OF CONGRESS CONTROL NUMBER | |
| LC control number | A-936034 |
| 020 ## - INTERNATIONAL STANDARD BOOK NUMBER | |
| Terms of availability | 150.00 |
| International Standard Book Number | 8186754555 |
| 035 ## - SYSTEM CONTROL NUMBER | |
| System control number | A-936034 |
| 037 ## - SOURCE OF ACQUISITION | |
| Source of stock number/acquisition | Cen Lib/Ret |
| 040 ## - CATALOGING SOURCE | |
| Original cataloging agency | DPL |
| Language of cataloging | EN |
| 082 ## - DEWEY DECIMAL CLASSIFICATION NUMBER | |
| Classification number | N |
| Item number | MAU |
| 100 ## - MAIN ENTRY--PERSONAL NAME | |
| Personal name | Maung, Htin |
| 9 (RLIN) | 29833 |
| 245 ## - TITLE STATEMENT | |
| Title | NGA BA : |
| Statement of responsibility, etc | by Maung Htin |
| 260 ## - PUBLICATION, DISTRIBUTION, ETC. (IMPRINT) | |
| Name of publisher, distributor, etc | Irrawaddy publications |
| Place of publication, distribution, etc | New Delhi |
| Date of publication, distribution, etc | 1998 |
| 270 ## - ADDRESS | |
| City | New Delhi |
| Address | C 487, Vikas puri |
| Postal code | 110018 |
| 300 ## - PHYSICAL DESCRIPTION | |
| Extent | xxxii,151p. |
| Dimensions | 20cm(Hb) |
| 650 ## - SUBJECT ADDED ENTRY--TOPICAL TERM | |
| Topical term or geographic name as entry element | Burmese literature |
| 9 (RLIN) | 29834 |
| 650 ## - SUBJECT ADDED ENTRY--TOPICAL TERM | |
| Topical term or geographic name as entry element | Burmese fiction |
| 9 (RLIN) | 29835 |
| 700 ## - ADDED ENTRY--PERSONAL NAME | |
| 9 (RLIN) | 29816 |
| 942 ## - ADDED ENTRY ELEMENTS (KOHA) | |
| Source of classification or shelving scheme | Dewey Decimal Classification |
| Koha item type | English Books |
| Classification part | N |
| Call number suffix | MAU |
| Withdrawn status | Lost status | Source of classification or shelving scheme | Damaged status | Not for loan | Home library | Current library | Date acquired | Source of acquisition | Cost, normal purchase price | Total Checkouts | Full call number | Barcode | Date last seen | Copy number | Cost, replacement price | Price effective from | Koha item type | Public note | Collection code |
|---|---|---|---|---|---|---|---|---|---|---|---|---|---|---|---|---|---|---|---|
| Written off | Dewey Decimal Classification | Patel Nagar | Patel Nagar | 10/07/2015 | Cen LIb/Ret | 150.00 | N MAU | A-936034 ,A-936035 | 10/07/2015 | 1 | 150.00 | 10/07/2015 | English Books | W/d List No. 6853/20 ; dtd 21/07/2020 | |||||
| Dewey Decimal Classification | Sarojini Nagar | Sarojini Nagar | 02/05/2019 | 150.00 | N MAU | A-936047 | 02/05/2019 | 02/05/2019 | English Books | Fiction |
